Chargement en cours...
AutoCAD 2000
| Auteur principal: | |
|---|---|
| Format: | Printed Book |
| Publié: |
Jaipur, University Book House(P) Ltd
2005
|
| Sujets: |
| LEADER | 006280000a22002170004500 | ||
|---|---|---|---|
| 020 | |a 81-8198-076-X | ||
| 082 | |a 620.004 202 85 P5 | ||
| 100 | |a Manish Soni; Author | ||
| 245 | |a AutoCAD 2000 | ||
| 260 | |a Jaipur, University Book House(P) Ltd | ||
| 260 | |c 2005 | ||
| 460 | |a iv, 389p | ||
| 465 | |a Rs.150.00 | ||
| 500 | |||
| 500 | |a Manish Soni | ||
| 650 | |a AutoCAD | ||
| 650 | |a CAD/CAM systems | ||
| 650 | |a Computer-aided design | ||
| 942 | |c BK | ||
| 999 | |c 36898 |d 36898 | ||
| 952 | |0 0 |1 0 |4 0 |6 620_004000000000000_202_85_P5 |7 0 |8 ENG |9 37364 |a MGUL |b MGUL |d 2013-07-16 |e Rs.150.00 |l 0 |o 620.004 202 85 P5 |p G00988 |r 2013-07-16 |w 2013-07-16 |y BK | ||